[Event "Prague op 23rd"]
[Site "Prague"]
[Date "2025.01.11"]
[Round "2"]
[White "Vardanyan, Aras"]
[Black "Pousada Garcia, Victor Daniel"]
[Result "1-0"]
[WhiteElo "2312"]
[BlackElo "1984"]
[PlyCount "223"]
[EventDate "2025.01.10"]
[EventType "swiss"]
[EventRounds "9"]
[EventCountry "CZE"]
[SourceTitle "CB04_2025"]
[SourceDate "2025.01.22"]
[SourceVersion "1"]
[SourceVersionDate "2025.01.22"]
[SourceQuality "1"]

1. d4 Nf6 2. c4 e6 3. Nf3 d5 4. g3 Be7 5. Bg2 0-0 6. 0-0 dxc4 7. Qc2 a6 8. a4 Bd7 9. Rd1 Bc6 10. Qxc4 b5 11. Qd3 Be4 12. Qe3 b4 13. Nbd2 Bc2 14. Ne1 Bxd1 15. Bxa8 Nbd7 16. Bc6 Nb6 17. a5 Nbd5 18. Qd3 b3 19. Bxd5 Qxd5 20. Ndf3 Bc2 21. Nxc2 bxc2 22. Qxa6 Ra8 23. Qd3 Rxa5 24. Rxa5 Qxa5 25. Qxc2 h6 26. Ne5 Nd5 27. Bd2 Qb6 28. Nc6 Bd6 29. e3 Ne7 30. Nxe7+ Bxe7 31. Qc3 h5 32. h3 h4 33. gxh4 Qb7 34. Kf1 Bxh4 35. Ke2 Qb5+ 36. Ke1 Qf5 37. Qxc7 Qxf2+ 38. Kd1 Bg5 39. Qc8+ Kh7 40. Qc2+ Kg8 41. Qe4 Qf1+ 42. Kc2 Qc4+ 43. Kb1 Qf1+ 44. Ka2 Qc4+ 45. Kb1 Qf1+ 46. Ka2 Qc4+ 47. Ka3 Qe2 48. Bc1 Qc4 49. Bd2 Qe2 50. Bc3 Qxe3 51. Qc6 Qf2 52. Ka4 Bc1 53. b4 Qa2+ 54. Kb5 f5 55. Kb6 f4 56. b5 Qe2 57. d5 exd5 58. Qxd5+ Kh7 59. Qd7 Be3+ 60. Ka6 Qa2+ 61. Ba5 Qc4 62. Bc7 Qa2+ 63. Kb7 Qg2+ 64. Kc8 Qg1 65. Be5 Qg6 66. h4 Kh6 67. b6 Bxb6 68. Bxf4+ Kh7 69. Be5 Qc2+ 70. Kb8 Qg2 71. h5 Be3 72. Qd3+ Kg8 73. Qxe3 Qc6 74. Qg5 Qb6+ 75. Kc8 Qc6+ 76. Kd8 Qb6+ 77. Kd7 Qb5+ 78. Ke7 Qc5+ 79. Ke6 Qc8+ 80. Kd5 Qb7+ 81. Kd4 Qb2+ 82. Ke4 Qc2+ 83. Kf3 Qd1+ 84. Kf2 Qc2+ 85. Kg3 Qd3+ 86. Kh4 Qe4+ 87. Bf4 Qh1+ 88. Kg4 Qd1+ 89. Kh3 Qh1+ 90. Bh2 Qf1+ 91. Kh4 Qe1+ 92. Qg3 Qe4+ 93. Kh3 Qf5+ 94. Qg4 Qf1+ 95. Kg3 Qe1+ 96. Kg2 Qd2+ 97. Kh3 Qd3+ 98. Bg3 Qd5 99. Qe2 Qd7+ 100. Kh2 Qc6 101. Be5 Qa4 102. Kg3 Qb3+ 103. Qf3 Qb1 104. Bd4 Qb8+ 105. Kh3 Qb1 106. h6 gxh6 107. Qd5+ Kf8 108. Qd8+ Kf7 109. Qd7+ Kf8 110. Bc5+ Kg8 111. Qe8+ Kg7 112. Bd4+ 1-0

[Event "Sant Boi de Llobregat op 5th"]
[Site "Sant Boi de Llobregat"]
[Date "2024.12.03"]
[Round "5"]
[White "Dolas, Aarush"]
[Black "Pousada Garcia, Victor Daniel"]
[Result "1-0"]
[WhiteElo "2014"]
[BlackElo "2053"]
[PlyCount "105"]
[EventDate "2024.11.29"]
[EventType "swiss"]
[EventRounds "10"]
[EventCountry "ESP"]
[SourceTitle "CB50_2024"]
[SourceDate "2024.11.01"]
[SourceVersion "1"]
[SourceVersionDate "2024.11.01"]
[SourceQuality "2"]

1. e4 c5 2. Nf3 e6 3. b3 Nf6 4. Bd3 Nc6 5. a3 Be7 6. Bb2 0-0 7. 0-0 d5 8. Nc3 d4 9. Ne2 e5 10. Ng3 Rb8 11. Bb5 Qc7 12. Bxc6 bxc6 13. d3 h6 14. Nd2 Bg4 15. f3 Be6 16. Bc1 Nd7 17. Nc4 Bg5 18. Bxg5 hxg5 19. Ne2 f6 20. Qe1 Kf7 21. h4 gxh4 22. Qxh4 Rh8 23. Qe1 Rh6 24. Qa5 Qxa5 25. Nxa5 Rc8 26. Kf2 Nb8 27. Nb7 Rch8 28. Nxc5 Bc8 29. Ng3 g6 30. Rh1 Rxh1 31. Rxh1 Rxh1 32. Nxh1 f5 33. Ng3 f4 34. Nf1 g5 35. g3 Ke7 36. Nd2 Kd6 37. b4 Be6 38. Nxe6 Kxe6 39. Nb3 Na6 40. Na5 Kd6 41. Kg2 Nc7 42. Nb7+ Ke7 43. gxf4 gxf4 44. Na5 Nb5 45. Nxc6+ Ke6 46. a4 Na3 47. Kf2 Nxc2 48. b5 Kd6 49. Nxa7 Nb4 50. Ke2 Kc7 51. Kd2 Kb6 52. Nc6 Nxc6 53. bxc6 1-0

[Event "Sant Boi de Llobregat op 5th"]
[Site "Sant Boi de Llobregat"]
[Date "2024.12.02"]
[Round "4"]
[White "Pousada Garcia, Victor Daniel"]
[Black "Wolanski, Michal"]
[Result "0-1"]
[WhiteElo "2053"]
[BlackElo "1981"]
[PlyCount "64"]
[EventDate "2024.11.29"]
[EventType "swiss"]
[EventRounds "10"]
[EventCountry "ESP"]
[SourceTitle "CB50_2024"]
[SourceDate "2024.11.01"]
[SourceVersion "1"]
[SourceVersionDate "2024.11.01"]
[SourceQuality "2"]

1. Nf3 c5 2. g3 Nc6 3. Bg2 g6 4. 0-0 Bg7 5. c4 e5 6. Nc3 Nge7 7. d3 0-0 8. Bd2 h6 9. Rb1 d6 10. a3 a5 11. Ne1 Be6 12. Nc2 d5 13. cxd5 Nxd5 14. Nxd5 Bxd5 15. Bxd5 Qxd5 16. b4 cxb4 17. axb4 a4 18. b5 Nd4 19. Nxd4 exd4 20. Qc1 Rfc8 21. Qa3 Rc2 22. Rfd1 Bf8 23. Bb4 Bxb4 24. Rxb4 Qc5 25. Rdb1 Rxe2 26. Rc1 Qd6 27. Ra1 Qf6 28. Rf1 Qe7 29. Ra1 Re1+ 30. Rxe1 Qxe1+ 31. Kg2 Qc3 32. Qb2 a3 0-1

[Event "Budapest SixDays 11 IM-C"]
[Site "Budapest"]
[Date "2024.11.23"]
[Round "3"]
[White "Pavan Karthikeya, Varma Guntur"]
[Black "Pousada Garcia, Victor Daniel"]
[Result "1-0"]
[WhiteElo "2111"]
[BlackElo "2053"]
[PlyCount "37"]
[EventDate "2024.11.22"]
[EventType "tourn"]
[EventRounds "9"]
[EventCountry "HUN"]
[SourceTitle "CB49_2024"]
[SourceDate "2024.12.04"]
[SourceVersion "1"]
[SourceVersionDate "2024.12.04"]
[SourceQuality "1"]

1. e4 c5 2. Nf3 a6 3. d4 cxd4 4. Nxd4 Nf6 5. Nc3 e5 6. Nf3 Nc6 7. Bc4 Bc5 8. 0-0 h6 9. h3 d6 10. Re1 0-0 11. a3 b5 12. Ba2 Bb7 13. Be3 Bxe3 14. Rxe3 Qe7 15. Nh4 Nxe4 16. Rxe4 Nd4 17. Qxd4 Qg5 18. Qe3 Bxe4 19. Qxe4 1-0

[Event "Budapest SixDays 11 IM-C"]
[Site "Budapest"]
[Date "2024.11.23"]
[Round "2"]
[White "Pousada Garcia, Victor Daniel"]
[Black "Munkhgal, Gombosuren"]
[Result "0-1"]
[WhiteElo "2053"]
[BlackElo "2392"]
[PlyCount "68"]
[EventDate "2024.11.22"]
[EventType "tourn"]
[EventRounds "9"]
[EventCountry "HUN"]
[SourceTitle "CB49_2024"]
[SourceDate "2024.12.04"]
[SourceVersion "1"]
[SourceVersionDate "2024.12.04"]
[SourceQuality "1"]

1. e4 e5 2. d4 exd4 3. Nf3 Nc6 4. c3 d5 5. exd5 Qxd5 6. cxd4 Bg4 7. Be2 Bb4+ 8. Nc3 Bxf3 9. Bxf3 Qc4 10. Qb3 Qxb3 11. axb3 Nge7 12. 0-0 0-0-0 13. Bxc6 Nxc6 14. d5 Bxc3 15. dxc6 Bd4 16. Be3 a6 17. b4 Kb8 18. Ra2 Rhe8 19. b5 Bxe3 20. fxe3 axb5 21. cxb7 Kxb7 22. Rxf7 Rf8 23. Rxf8 Rxf8 24. b4 c5 25. bxc5 Kc6 26. Ra6+ Kxc5 27. Ra7 b4 28. Rb7 Rf6 29. Rxg7 b3 30. Rb7 Rb6 31. Rc7+ Kb4 32. Rc1 b2 33. Rb1 Kc3 34. Kf2 Kc2 0-1

[Event "Budapest SixDays 11 IM-C"]
[Site "Budapest"]
[Date "2024.11.22"]
[Round "1"]
[White "Lad, Mandar Pradip"]
[Black "Pousada Garcia, Victor Daniel"]
[Result "1-0"]
[WhiteElo "2282"]
[BlackElo "2053"]
[PlyCount "79"]
[EventDate "2024.11.22"]
[EventType "tourn"]
[EventRounds "9"]
[EventCountry "HUN"]
[SourceTitle "CB49_2024"]
[SourceDate "2024.12.04"]
[SourceVersion "1"]
[SourceVersionDate "2024.12.04"]
[SourceQuality "1"]

1. d4 Nf6 2. c4 e6 3. Nf3 d5 4. g3 Be7 5. Bg2 0-0 6. 0-0 dxc4 7. Qc2 a6 8. Rd1 b5 9. Ne5 Nd5 10. b3 cxb3 11. axb3 Bb7 12. Ba3 Bd6 13. Nd3 b4 14. Bb2 Nd7 15. Nd2 f5 16. Nc4 Rc8 17. Na5 Ba8 18. Nc6 Qe8 19. e3 N7f6 20. Nce5 Ne4 21. Rxa6 Bxe5 22. Nxe5 c5 23. Bxe4 cxd4 24. Rxa8 Rxa8 25. Bxd5 exd5 26. Bxd4 Qh5 27. Rc1 h6 28. Qc6 Ra2 29. Ng6 Rfa8 30. Qxd5+ Kh7 31. Nf4 Qg4 32. h3 Qg5 33. Rc7 Rg8 34. Ne6 Qh5 35. g4 Qh4 36. Qxf5+ Kh8 37. Bxg7+ Rxg7 38. Rc8+ Rg8 39. Rxg8+ Kxg8 40. Qg6+ 1-0

[Event "Colonia de Sant Jordi IM 3rd"]
[Site "Colonia de Sant Jordi"]
[Date "2024.10.27"]
[Round "9"]
[White "Pousada Garcia, Victor Daniel"]
[Black "Aguado Doncel, Pablo Luis"]
[Result "0-1"]
[WhiteElo "2050"]
[BlackElo "2319"]
[PlyCount "66"]
[EventDate "2024.10.19"]
[EventType "tourn"]
[EventRounds "9"]
[EventCountry "ESP"]
[EventCategory "1"]
[SourceTitle "CB44_2024"]
[Source "Chessbase"]
[SourceDate "2024.10.30"]
[SourceVersion "1"]
[SourceVersionDate "2024.10.30"]
[SourceQuality "1"]

1. d4 d5 2. Bf4 c5 3. e3 Nc6 4. Nc3 a6 5. dxc5 Nf6 6. Qd2 e5 7. Bg5 d4 8. exd4 exd4 9. Bxf6 Qxf6 10. Ne4 Qg6 11. 0-0-0 Bf5 12. Ng3 Be7 13. Nf3 Rd8 14. Bd3 Bxd3 15. Qxd3 Qe6 16. Kb1 0-0 17. Rhe1 Qd5 18. Re4 Bxc5 19. Rh4 g6 20. Qd2 Be7 21. Rh3 f5 22. Qh6 Qf7 23. Ng5 Bxg5 24. Qxg5 Nb4 25. b3 Qc7 26. Rd2 d3 27. c4 Rfe8 28. Qf6 Nd5 29. Qh4 Qg7 30. Rxd3 Re1+ 31. Kc2 Nb4+ 32. Kd2 Rxd3+ 33. Kxe1 Qa1+ 0-1

[Event "Colonia de Sant Jordi IM 3rd"]
[Site "Colonia de Sant Jordi"]
[Date "2024.10.19"]
[Round "1"]
[White "Pousada Garcia, Victor Daniel"]
[Black "Marin Ferragut, Pau"]
[Result "0-1"]
[WhiteElo "2050"]
[BlackElo "2314"]
[PlyCount "78"]
[EventDate "2024.10.19"]
[EventType "tourn"]
[EventRounds "9"]
[EventCountry "ESP"]
[EventCategory "1"]
[SourceTitle "CB44_2024"]
[Source "Chessbase"]
[SourceDate "2024.10.30"]
[SourceVersion "1"]
[SourceVersionDate "2024.10.30"]
[SourceQuality "1"]

1. e4 c5 2. Nf3 d6 3. d4 cxd4 4. Qxd4 Nc6 5. Bb5 a6 6. Bxc6+ bxc6 7. c4 e5 8. Qd3 Ne7 9. 0-0 Ng6 10. Nc3 Be7 11. b4 0-0 12. Rd1 Be6 13. a4 f5 14. h3 Kh8 15. Qe2 Qe8 16. exf5 Rxf5 17. Ne4 d5 18. Ng3 Rf8 19. cxd5 cxd5 20. Ng5 Bg8 21. Bd2 h6 22. Nf3 Bd6 23. b5 e4 24. Nd4 Be5 25. Be3 Nf4 26. Qg4 Nd3 27. Rab1 Qf7 28. Ngf5 Bh7 29. Ng3 Nxf2 30. Bxf2 Qxf2+ 31. Kh2 Bxd4 32. Rf1 Qe3 33. Rfe1 Qg5 34. Qxg5 hxg5 35. Red1 e3 36. Rbc1 Bb2 37. Rc6 Bd4 38. Rcc1 Bb2 39. Rc6 d4 0-1

[Event "Bad Woerishofen op-A"]
[Site "Bad Woerishofen"]
[Date "2024.03.08"]
[Round "1"]
[White "Dishman, Stephen"]
[Black "Pousada Garcia, Victor Daniel"]
[Result "1-0"]
[WhiteElo "2280"]
[BlackElo "1993"]
[PlyCount "71"]
[EventDate "2024.03.08"]
[EventType "swiss"]
[EventRounds "9"]
[EventCountry "GER"]
[SourceTitle "EXT 2025"]
[Source "ChessBase"]
[SourceDate "2024.10.14"]
[SourceVersion "1"]
[SourceVersionDate "2024.10.14"]
[SourceQuality "1"]

1. Nf3 Nf6 2. c4 g6 3. Nc3 Bg7 4. g3 0-0 5. Bg2 c5 6. 0-0 Nc6 7. d4 cxd4 8. Nxd4 Qb6 9. Nc2 d6 10. b3 Be6 11. Rb1 Rac8 12. h3 Rfd8 13. e4 Qa5 14. Bb2 a6 15. a4 Nd7 16. Nd5 Bxb2 17. Rxb2 Bxd5 18. exd5 Nce5 19. Nd4 Qb6 20. Qd2 Nc5 21. a5 Qa7 22. Rbb1 Re8 23. Kh2 Ncd3 24. Qc3 Nb4 25. f4 Na2 26. Qd2 Nxc4 27. bxc4 Rxc4 28. Ne2 Rec8 29. Qxa2 Qe3 30. Rb3 Qc5 31. Rxb7 Rc2 32. Rb2 Rc4 33. Qxc4 Qxc4 34. Rc1 Qxc1 35. Nxc1 Rxc1 36. Rb6 1-0

[Event "Blackpool op 47th"]
[Site "Blackpool"]
[Date "2024.02.10"]
[Round "3"]
[White "Sajanani, Vikas"]
[Black "Pousada Garcia, Victor Daniel"]
[Result "0-1"]
[WhiteElo "1808"]
[BlackElo "1989"]
[PlyCount "78"]
[EventDate "2024.02.09"]
[EventType "swiss"]
[EventRounds "5"]
[EventCountry "ENG"]
[SourceTitle "CBM 218 Extra"]
[Source "ChessBase"]
[SourceDate "2024.03.31"]
[SourceVersion "1"]
[SourceVersionDate "2024.03.31"]
[SourceQuality "1"]

1. c4 Nf6 2. Nf3 g6 3. g3 Bg7 4. Bg2 0-0 5. 0-0 c5 6. Nc3 Nc6 7. e4 d6 8. h3 Rb8 9. d3 a6 10. a4 Nd7 11. Bg5 h6 12. Bd2 Nd4 13. Rc1 Nxf3+ 14. Qxf3 Ne5 15. Qe2 Nc6 16. Qd1 Nd4 17. Rb1 b5 18. b3 Bd7 19. Kh2 bxa4 20. Nxa4 Rxb3 21. Nc3 Rxb1 22. Qxb1 Qb8 23. Nd5 e6 24. Nb6 Bc6 25. Ba5 Qb7 26. Qa2 f5 27. f3 f4 28. g4 Rb8 29. Rb1 Be8 30. Qd2 g5 31. Rb2 Qc6 32. Qd1 Nxf3+ 33. Bxf3 Bxb2 34. e5 Qc7 35. exd6 Qxd6 36. Qb3 Bd4 37. Kg2 Bc6 38. Be4 f3+ 39. Kf1 Qh2 0-1

[Event "EU-ch 23rd"]
[Site "Vrnjacka Banja"]
[Date "2023.03.13"]
[Round "11"]
[White "Pousada Garcia, Victor Daniel"]
[Black "Senel, Hayri Beyhun"]
[Result "1-0"]
[WhiteElo "2050"]
[BlackElo "1904"]
[PlyCount "57"]
[EventDate "2023.03.03"]
[EventType "swiss"]
[EventRounds "11"]
[EventCountry "SRB"]
[SourceTitle "CBM 213"]
[Source "ChessBase"]
[SourceDate "2023.04.30"]
[SourceVersion "1"]
[SourceVersionDate "2023.04.30"]
[SourceQuality "1"]

1. e4 c5 2. Nf3 e6 3. c3 Nf6 4. e5 Nd5 5. Bc4 d6 6. d4 cxd4 7. cxd4 Be7 8. 0-0 0-0 9. Qe2 Bd7 10. Nc3 Nxc3 11. bxc3 Bc6 12. Bf4 d5 13. Bd3 Re8 14. g3 Nd7 15. h4 Nf8 16. Ng5 g6 17. Kg2 Kg7 18. Rh1 f6 19. exf6+ Bxf6 20. Qg4 e5 21. dxe5 Bxe5 22. Bxe5+ Rxe5 23. Nf3 Re8 24. h5 Qf6 25. hxg6 Nxg6 26. Nd4 Rad8 27. Bf5 Kg8 28. Rh6 Kg7 29. Rah1 1-0

[Event "EU-ch 23rd"]
[Site "Vrnjacka Banja"]
[Date "2023.03.03"]
[Round "1"]
[White "Pousada Garcia, Victor Daniel"]
[Black "Godena, Michele"]
[Result "0-1"]
[WhiteElo "2050"]
[BlackElo "2446"]
[PlyCount "58"]
[EventDate "2023.03.03"]
[EventType "swiss"]
[EventRounds "11"]
[EventCountry "SRB"]
[SourceTitle "CBM 213"]
[Source "ChessBase"]
[SourceDate "2023.04.30"]
[SourceVersion "1"]
[SourceVersionDate "2023.04.30"]
[SourceQuality "1"]

1. e4 e5 2. Nf3 Nc6 3. d4 exd4 4. Bc4 Nf6 5. e5 Ne4 6. Bd5 Nc5 7. 0-0 Ne6 8. Nbd2 d6 9. Nb3 dxe5 10. Bxc6+ bxc6 11. Nxe5 Qd5 12. Qh5 g6 13. Qe2 Bg7 14. f4 a5 15. Rd1 0-0 16. c4 Qd6 17. Qf3 a4 18. c5 Qd5 19. Qxd5 cxd5 20. Nxd4 Nxc5 21. Ndc6 Re8 22. Rxd5 Ne4 23. Be3 Bb7 24. Rd7 Bxc6 25. Nxc6 a3 26. Ne5 axb2 27. Re1 Nc3 28. Bd4 b1Q 29. Rxb1 Nxb1 0-1

[Event "Cambridge op"]
[Site "Cambridge"]
[Date "2023.02.18"]
[Round "7"]
[White "Adams, Henry"]
[Black "Pousada Garcia, Victor Daniel"]
[Result "1-0"]
[WhiteElo "1738"]
[BlackElo "2077"]
[PlyCount "61"]
[EventDate "2023.02.15"]
[EventType "swiss"]
[EventRounds "9"]
[EventCountry "ENG"]
[SourceTitle "CBM 212 Extra"]
[Source "ChessBase"]
[SourceDate "2023.03.31"]
[SourceVersion "1"]
[SourceVersionDate "2023.03.31"]
[SourceQuality "1"]

1. e4 e5 2. Nf3 Nf6 3. d4 Nxe4 4. Bd3 d5 5. Nxe5 Nd7 6. Nc3 Bb4 7. 0-0 Ndf6 8. Qe2 0-0 9. Nxe4 dxe4 10. Bc4 Be7 11. c3 Bf5 12. f3 exf3 13. Rxf3 Bg6 14. Rg3 Nd5 15. Nxg6 fxg6 16. Qe6+ Kh8 17. Bxd5 Bh4 18. Rf3 Re8 19. Qf7 Bf6 20. Bxb7 Rb8 21. Qd5 Re1+ 22. Rf1 Qe7 23. Bf4 Rxa1 24. Rxa1 Qe2 25. Rb1 Rf8 26. Bg3 Qe3+ 27. Kh1 Bg5 28. Qe4 Qd2 29. Ba6 Bf6 30. Bf4 Qf2 31. Be3 1-0

[Event "Cambridge op"]
[Site "Cambridge"]
[Date "2023.02.17"]
[Round "5"]
[White "Ismail, Mohammed Aayan"]
[Black "Pousada Garcia, Victor Daniel"]
[Result "1-0"]
[WhiteElo "2211"]
[BlackElo "2077"]
[PlyCount "123"]
[EventDate "2023.02.15"]
[EventType "swiss"]
[EventRounds "9"]
[EventCountry "ENG"]
[SourceTitle "CBM 212 Extra"]
[Source "ChessBase"]
[SourceDate "2023.03.31"]
[SourceVersion "1"]
[SourceVersionDate "2023.03.31"]
[SourceQuality "1"]

1. e4 c5 2. b3 Nf6 3. e5 Nd5 4. Bb2 e6 5. Nf3 Nc6 6. Nc3 Nxc3 7. dxc3 Be7 8. Bd3 d5 9. exd6 Qxd6 10. Qe2 Qf4 11. Bc1 Qf6 12. Bd2 0-0 13. 0-0-0 c4 14. Be4 Ba3+ 15. Kb1 cxb3 16. cxb3 e5 17. Bg5 Qe6 18. Bc1 Bxc1 19. Rxc1 f6 20. Rcd1 Ne7 21. Rhg1 Qb6 22. g4 Be6 23. Qc2 f5 24. gxf5 Rxf5 25. Rg5 Raf8 26. Rxf5 Bxf5 27. Ng5 Qg6 28. Bxf5 Nxf5 29. Ne4 Qc6 30. Qd3 Ne7 31. Ng5 Qg6 32. Qxg6 Nxg6 33. Rd2 h6 34. Ne4 Rf4 35. Nd6 b6 36. Nc8 Rf7 37. c4 Nf4 38. Nd6 Rf8 39. Nb5 Rf7 40. b4 Nh3 41. c5 bxc5 42. bxc5 a6 43. c6 axb5 44. Rd7 Rf6 45. c7 Rc6 46. Rd8+ Kf7 47. c8Q Rxc8 48. Rxc8 Ke6 49. Rc5 Nxf2 50. Rxb5 Ne4 51. Kc2 g5 52. Kd3 Nd6 53. Rc5 h5 54. a4 Nb7 55. Rc7 Nd6 56. a5 e4+ 57. Ke3 Kd5 58. a6 Nf5+ 59. Kf2 e3+ 60. Ke2 Ke4 61. Rc4+ Kd5 62. a7 1-0

[Event "Cambridge op"]
[Site "Cambridge"]
[Date "2023.02.16"]
[Round "4"]
[White "Pousada Garcia, Victor Daniel"]
[Black "Gonzales, Ceferino"]
[Result "1-0"]
[WhiteElo "2077"]
[BlackElo "1509"]
[PlyCount "55"]
[EventDate "2023.02.15"]
[EventType "swiss"]
[EventRounds "9"]
[EventCountry "ENG"]
[SourceTitle "CBM 212 Extra"]
[Source "ChessBase"]
[SourceDate "2023.03.31"]
[SourceVersion "1"]
[SourceVersionDate "2023.03.31"]
[SourceQuality "1"]

1. e4 Nf6 2. e5 Nd5 3. c4 Nb6 4. d4 d6 5. f4 g6 6. Be3 Bg7 7. Nc3 0-0 8. Be2 Na6 9. c5 Nd7 10. cxd6 cxd6 11. Nf3 dxe5 12. fxe5 b6 13. 0-0 Bb7 14. Qb3 Nc7 15. Ng5 e6 16. Nge4 Nd5 17. Bg5 Nxc3 18. bxc3 Qb8 19. Nd6 Bd5 20. c4 Bc6 21. Be7 Re8 22. Nxe8 Qxe8 23. Bd6 f6 24. d5 exd5 25. cxd5 Bb7 26. e6 f5 27. Bb5 Bxa1 28. Rxa1 1-0

[Event "Cambridge op"]
[Site "Cambridge"]
[Date "2023.02.15"]
[Round "1"]
[White "Kent, Rowan"]
[Black "Pousada Garcia, Victor Daniel"]
[Result "0-1"]
[WhiteElo "1247"]
[BlackElo "2077"]
[PlyCount "40"]
[EventDate "2023.02.15"]
[EventType "swiss"]
[EventRounds "9"]
[EventCountry "ENG"]
[SourceTitle "CBM 212 Extra"]
[Source "ChessBase"]
[SourceDate "2023.03.31"]
[SourceVersion "1"]
[SourceVersionDate "2023.03.31"]
[SourceQuality "1"]

1. e4 e5 2. Nf3 Nf6 3. Nxe5 d6 4. Nf3 Nxe4 5. d4 d5 6. Bd3 Bd6 7. Nbd2 0-0 8. 0-0 Bf5 9. Re1 Re8 10. c3 Nxf2 11. Kxf2 Bxd3 12. g3 Nd7 13. Qb3 Nb6 14. a4 Qf6 15. a5 Rxe1 16. Kxe1 Re8+ 17. Kf2 Re2+ 18. Kg1 Nc4 19. Qxb7 Nxd2 20. Ne5 Qf1# 0-1

[Event "Hastings Masters op"]
[Site "Hastings"]
[Date "2023.01.06"]
[Round "10"]
[White "Pousada Garcia, Victor Daniel"]
[Black "Hutchinson, Paul A"]
[Result "1-0"]
[WhiteElo "1960"]
[BlackElo "2135"]
[PlyCount "59"]
[EventDate "2022.12.28"]
[EventType "swiss"]
[EventRounds "10"]
[EventCountry "ENG"]
[SourceTitle "CBM 212 Extra"]
[Source "ChessBase"]
[SourceDate "2023.03.31"]
[SourceVersion "1"]
[SourceVersionDate "2023.03.31"]
[SourceQuality "1"]

1. e4 c6 2. d4 d5 3. Nc3 dxe4 4. Nxe4 Nf6 5. Nxf6+ exf6 6. c3 Bd6 7. Bd3 0-0 8. Ne2 Re8 9. 0-0 Nd7 10. Bf4 Nf8 11. Bxd6 Qxd6 12. Qc2 Bg4 13. Ng3 h5 14. f3 Bd7 15. Nxh5 g6 16. Ng3 f5 17. Rae1 Ne6 18. Re5 b5 19. Rfe1 Red8 20. Bxf5 Nxd4 21. cxd4 Qxd4+ 22. Kh1 gxf5 23. Nxf5 Bxf5 24. Qxf5 Rd6 25. R5e4 Qxb2 26. Rg4+ Kf8 27. Qh7 Re6 28. Rg8+ Ke7 29. Qh4+ Kd7 30. Rxa8 1-0

[Event "Hastings Masters op"]
[Site "Hastings"]
[Date "2023.01.04"]
[Round "8"]
[White "Pousada Garcia, Victor Daniel"]
[Black "Pollack, Oscar"]
[Result "0-1"]
[WhiteElo "1960"]
[BlackElo "2112"]
[PlyCount "86"]
[EventDate "2022.12.28"]
[EventType "swiss"]
[EventRounds "10"]
[EventCountry "ENG"]
[SourceTitle "CBM 212 Extra"]
[Source "ChessBase"]
[SourceDate "2023.03.31"]
[SourceVersion "1"]
[SourceVersionDate "2023.03.31"]
[SourceQuality "1"]

1. e4 e6 2. Nf3 d5 3. Nc3 d4 4. Ne2 c5 5. c3 Nf6 6. e5 Nfd7 7. cxd4 cxd4 8. Qa4 Nc6 9. Nexd4 Ndxe5 10. Bb5 Bd7 11. Nxe5 Nxe5 12. 0-0 a6 13. Bxd7+ Qxd7 14. Qxd7+ Kxd7 15. Re1 Bd6 16. Nb3 Nd3 17. Re3 Nb4 18. Rf3 Ke7 19. d4 Rhc8 20. a3 Nd5 21. Bd2 Rc2 22. Rb1 Rac8 23. Kf1 b6 24. Ke1 a5 25. Na1 R2c4 26. Rd3 a4 27. g3 g6 28. b3 axb3 29. Rbxb3 Ra4 30. Kd1 Rcc4 31. Nc2 Kd7 32. Kc1 Bf8 33. Kb2 Bg7 34. Bc3 Kc6 35. Ne3 Rxc3 36. Rdxc3+ Nxc3 37. Rxc3+ Kb7 38. Kb3 Rxd4 39. Nc4 b5 40. Ne3 Rd2 41. Rc2 Rd3+ 42. Kb4 Kb6 43. Rc8 Be5 0-1

[Event "Hastings Masters op"]
[Site "Hastings"]
[Date "2023.01.03"]
[Round "7"]
[White "Wilks, Simon"]
[Black "Pousada Garcia, Victor Daniel"]
[Result "1/2-1/2"]
[WhiteElo "2072"]
[BlackElo "1960"]
[PlyCount "111"]
[EventDate "2022.12.28"]
[EventType "swiss"]
[EventRounds "10"]
[EventCountry "ENG"]
[SourceTitle "CBM 212 Extra"]
[Source "ChessBase"]
[SourceDate "2023.03.31"]
[SourceVersion "1"]
[SourceVersionDate "2023.03.31"]
[SourceQuality "1"]

1. e4 e5 2. Nf3 Nf6 3. Nxe5 d6 4. Nf3 Nxe4 5. Nc3 Nxc3 6. dxc3 Be7 7. Bf4 0-0 8. Qd2 Nd7 9. 0-0-0 Nc5 10. Be3 Be6 11. Kb1 Ne4 12. Qd3 d5 13. Nd4 Bd7 14. Nb3 c6 15. c4 dxc4 16. Qxd7 cxb3 17. axb3 Nf6 18. Qxd8 Rfxd8 19. Be2 Nd5 20. Bd4 Nf4 21. Bf3 Ne6 22. Be3 Bc5 23. Bxc5 Nxc5 24. b4 Ne6 25. Bg4 Rxd1+ 26. Rxd1 Rd8 27. Kc1 Kf8 28. Re1 Ke7 29. c3 Kf6 30. Kc2 Rd5 31. g3 h5 32. Bh3 g5 33. Bxe6 fxe6 34. f3 Kf5 35. Ra1 a6 36. Re1 e5 37. Re3 g4 38. fxg4+ Kxg4 39. c4 Rd4 40. b3 Kf5 41. Re1 e4 42. Rf1+ Ke5 43. Rd1 b5 44. cxb5 axb5 45. Rxd4 Kxd4 46. Kd2 e3+ 47. Ke2 Kc3 48. h3 Kxb4 49. g4 hxg4 50. hxg4 c5 51. g5 c4 52. bxc4 bxc4 53. g6 c3 54. g7 c2 55. g8Q c1Q 56. Qb8+ 1/2-1/2

[Event "Sitges Sunway op 9th"]
[Site "Sitges"]
[Date "2022.12.20"]
[Round "8"]
[White "Md, Imran"]
[Black "Pousada Garcia, Victor Daniel"]
[Result "1-0"]
[WhiteElo "2279"]
[BlackElo "1960"]
[PlyCount "91"]
[EventDate "2022.12.12"]
[EventType "swiss"]
[EventRounds "10"]
[EventCountry "ESP"]
[SourceTitle "CBM 211 Extra"]
[Source "ChessBase"]
[SourceDate "2023.01.31"]
[SourceVersion "1"]
[SourceVersionDate "2023.01.31"]
[SourceQuality "1"]

1. d4 Nf6 2. Nf3 e6 3. g3 d5 4. Bg2 Be7 5. 0-0 0-0 6. c4 dxc4 7. Qc2 a6 8. a4 Bd7 9. Qxc4 Bc6 10. Bf4 Nd5 11. Nc3 Nxf4 12. gxf4 Nd7 13. e4 Nf6 14. Ne5 Rb8 15. Rfd1 Be8 16. a5 b5 17. axb6 Rxb6 18. Qe2 Qb8 19. Rd2 Bb4 20. Rxa6 Bb5 21. Rxb6 Qxb6 22. Qe3 Ra8 23. Rd1 Bxc3 24. bxc3 Ra2 25. d5 Qa6 26. c4 Bxc4 27. dxe6 Ra1 28. Qd4 Rxd1+ 29. Qxd1 Ne8 30. Bf1 Qd6 31. Qxd6 cxd6 32. Bxc4 fxe6 33. Bxe6+ Kf8 34. Nc6 Nc7 35. f5 g6 36. Nd4 Ke7 37. fxg6 hxg6 38. Bb3 Kf6 39. f4 Na6 40. Kf2 Nc5 41. Bd5 Nd3+ 42. Ke3 Ne1 43. Bc4 Ng2+ 44. Kf3 Nh4+ 45. Kg4 Ng2 46. Nc2 1-0